Concelhos de Viseu no mapa - Statistics

Estatísticas Gerais
  • Esse quiz foi jogado 66 vezes
  • A pontuação média é 15 de 24
Respostas no mapa
Respostas codificadas por cores de uma escala verde-vermelha no mapa do quiz de acordo com a % correta abaixo.
 
Estatísticas das Respostas
Resposta % Correto
Viseu
90%
Mortágua
71%
Tondela
71%
Castro Daire
68%
Cinfães
65%
Lamego
65%
Moimenta da Beira
65%
Penedono
65%
Santa Comba Dão
65%
São João da Pesqueira
65%
Nelas
61%
Resende
61%
São Pedro do Sul
61%
Vouzela
61%
Mangualde
58%
Sernancelhe
58%
Carregal do Sal
55%
Oliveira de Frades
55%
Tabuaço
52%
Tarouca
52%
Vila Nova de Paiva
52%
Sátão
48%
Armamar
45%
Penalva do Castelo
45%
Nenhum quiz correspondente encontrado
Distribuição das Pontuações
Porcentagem de Pessoas com Cada Pontuação
Percentil de Números Respondidos
Sua Pontuação Histórica
Você não jogou esse quiz